Food and Berverage Service (Record no. 853829)

MARC details
000 -LEADER
fixed length control field 00357nam a2200133Ia 4500
008 - FIXED-LENGTH DATA ELEMENTS--GENERAL INFORMATION
fixed length control field 230818s1993 xx 000 0 und d
041 ## - LANGUAGE CODE
Language code of text/sound track or separate title eng
100 ## - MAIN ENTRY--PERSONAL NAME
Personal name Lillicrap
245 ## - TITLE STATEMENT
Title Food and Berverage Service
260 ## - PUBLICATION, DISTRIBUTION, ETC.
Name of publisher, distributor, etc. Educational law Priceed Books Sheme
Date of publication, distribution, etc. 1993
300 ## - PHYSICAL DESCRIPTION
Extent 400p
520 ## - SUMMARY, ETC.
Summary, etc. General | Hard Board
650 ## - SUBJECT ADDED ENTRY--TOPICAL TERM
Topical term or geographic name entry element Food and Beverage service
Holdings
Withdrawn status Lost status Damaged status Not for loan Home library Current library Date acquired Source of acquisition Cost, normal purchase price Total Checkouts Barcode Date last seen Cost, replacement price Price effective from Koha item type
        College of Hotel & Tourism Management Studies, Navi Mumbai College of Hotel & Tourism Management Studies, Navi Mumbai 18/08/2023 Sonhira book Centre 174.00   HMM-B277 18/08/2023 174.00 18/08/2023 Book